लोड हो रहा है...
Programming with FORTRAN 77
| मुख्य लेखकों: | , , |
|---|---|
| स्वरूप: | Printed Book |
| प्रकाशित: |
New Delhi, Wiley Eastern Ltd
1989
|
| विषय: |
| LEADER | 005700000a22001930004500 | ||
|---|---|---|---|
| 020 | |a 81-224-0094-9 | ||
| 082 | |a 005.133 FOR M9 | ||
| 100 | |a Dhaliwal, R S | ||
| 100 | |a Gupta, S K | ||
| 100 | |a Kumar, S | ||
| 245 | |a Programming with FORTRAN 77 | ||
| 260 | |a New Delhi, Wiley Eastern Ltd | ||
| 260 | |c 1989 | ||
| 650 | |a Computer programming | ||
| 650 | |a Computer science | ||
| 650 | |a Programming | ||
| 942 | |c BK | ||
| 999 | |c 132089 |d 132085 | ||
| 952 | |0 0 |1 0 |4 0 |6 005_133000000000000_FOR_M9 |7 0 |9 131025 |a SCP |b SCP |d 2014-02-11 |l 0 |o 005.133 FOR M9 |p SCP03672 |r 2014-02-11 |w 2014-02-11 |y BK | ||